000 00214nam a22000857a 4500
008 170116b xxu||||| |||| 00| 0 eng d
100 _92439
_aRathore.B.S.
245 _aA to Z Basket Ball
260 _aNew Delhi
_bF.P.
_c2009
999 _c5482
_d5482